000 00282nam a2200097Ia 4500
008 240331s9999 xx 000 0 und d
082 _bCON
100 _aGamage, S. ed
245 0 _aConflict and community incontemporary SriLanka :
_bPearl of the East or the "Land of Tears"?
942 _cL
999 _c1395
_d1395